BoyWithUke - Can You Feel It? - Statistics

General Stats
  • This quiz has been taken 56 times
  • The average score is 334 of 435
Answer Stats
Answer % Correct
a
100%
go
100%
got
100%
Got
100%
I
100%
it
100%
it?
100%
It
100%
my
100%
My
100%
you
100%
Are
97%
Can
97%
can't
97%
Can't
97%
feel
97%
Feel
97%
in
97%
In
97%
no
97%
to
97%
To
97%
what
97%
What?
97%
around
93%
be
93%
be,
93%
be!
93%
but
93%
But
93%
me?
93%
me
93%
myself
93%
the
93%
way
93%
do
90%
falling
90%
figure
90%
help
90%
(hold
90%
hold
90%
I'm
90%
it's
90%
It's
90%
knot
90%
now?
90%
Open
90%
shout
90%
supposed
90%
sure
90%
Tell
90%
tell
90%
when
90%
and
87%
And
87%
(And,
87%
belly
87%
blinds
87%
find
87%
lot
87%
out
87%
owe
87%
see
87%
shit)
87%
watch
87%
bed
83%
bridges
83%
don't
83%
have
83%
long
83%
mouth
83%
not
83%
on
83%
thinkin'
83%
wanna
83%
you're
83%
AC
80%
burning
80%
Burning
80%
chest
80%
chest,
80%
corridors
80%
room,
80%
so
80%
So
80%
two
80%
up
80%
(Up
80%
up)
80%
bedroom
77%
been
77%
breathing
77%
down
77%
enough
77%
heavy
77%
know
77%
thinking
77%
thinking,
77%
through
77%
apartment
73%
calling
73%
hands
73%
heart
73%
heart,
73%
With
73%
for
70%
how
70%
thoughts
70%
While
70%
Aren't
67%
circles
67%
head
67%
hours
67%
light
67%
million
67%
Shoutout
67%
spend
67%
Wonderin'
67%
alive
63%
colors,
63%
live
63%
Sorry
63%
sorry
63%
Throwback
63%
purple
60%
sky
60%
stars
60%
too
60%
turn
60%
walls
60%
without
60%
at
57%
broken
57%
Flashing
57%
project
57%
run
57%
sheets
57%
sleep
57%
that
57%
back
53%
excuse
53%
next
53%
Nothing
53%
story
53%
words
53%
alone
50%
flooring
50%
just
50%
might
50%
one
50%
round
50%
shoots
50%
Used
50%
BERLIN!
47%
best
47%
better!
47%
better
47%
from
47%
hard
47%
of
47%
gonna
43%
much
43%
Rimbaud
43%
thank
43%
won't
43%
Lose
40%
pouring
40%
Verlaine
40%
could
37%
keep
37%
become
33%
he's
33%
If
33%
part
33%
really
33%
bottom
30%
guys
30%
is
30%
life
30%
Separated
30%
24
27%
even
27%
Hardly
27%
Lies
27%
nobody
27%
Nobody
27%
fuck
23%
gives
23%
here
23%
mind
23%
suicidal
23%
bit
20%
'bout
20%
coming
20%
deprived
20%
kind
20%
mess,
20%
straight
20%
things,
20%
bother
17%
dichotomy
17%
didn't
17%
realise
13%
time
13%
tonight
13%
took
13%
applause
10%
Seriously,
10%
sometimes
10%
big
3%
woah
3%
yourselves!)
3%
No matching quizzes found
Score Distribution
Percent of People with Each Score
Percentile by Number Answered
Your Score History
You have not taken this quiz